Errate die Hauptstadt, Du hast 4 Auswahlen - Statistiken

Allgemein
  • Dieses Quiz wurde 781 mal gespielt
  • Das Durchschnittsergebnis liegt bei 14 aus 15
Antwortstatistiken
Frage Antwort % Korrekt
Die Hauptstadt von Deutschland ist... Berlin
100%
Die Hauptstadt von Ägypten ist... Kairo
99%
Die Hauptstadt von Spanien ist... Madrid
99%
Die Hauptstadt von Frankreich ist... Paris
99%
Die Hauptstadt von Italien ist... Rom
99%
Die Hauptstadt der Vereinigte Staaten ist... Washington DC
97%
Die Hauptstadt von Brasilien ist... Brasilia
96%
Die Hauptstadt von China ist... Peking
96%
Die Hauptstadt von Australien ist... Canberra
95%
Die Hauptstadt von Türkei ist... Ankara
94%
Die Hauptstadt von Irak ist... Bagdad
94%
Die Hauptstadt von Schweiz ist... Bern
94%
Die Hauptstadt von Kanada ist... Ottawa
94%
Die Hauptstadt von Indien ist... Neu Delhi
88%
Die Hauptstadt von Marroko ist... Rabat
83%
Keine übereinstimmenden Quizze gefunden
Verteilung der Resultate
Anzahl Personen mit jedem Resultat
Perzentil nach korrekt beantworteten Fragen
Ihre Resultats-Entwicklung
Sie haben dieses Quiz noch nicht gespielt